Ηχορύπανση : πτυχιακή εργασία

Saved in:
Bibliographic Details
Main Author: Σκαμνός, Γιώργος
Corporate Author: Πανεπιστήμιο Αιγαίου. Σχολή Περιβάλλοντος. Τμήμα Περιβάλλοντος
Other Authors: Μελάς, Δημήτριος Αν (Thesis advisor)
Format: Thesis Book
Language:Greek
Published: Μυτιλήνη : Πανεπιστήμιο Αιγαίου, Τμήμα Περιβάλλοντος, 1999
Subjects:
Online Access:http://hdl.handle.net/11610/10130
Tags: Add Tag
No Tags, Be the first to tag this record!

MARC

LEADER 00000cam a2200000 i 4500
001 1/7663
008 000622s1999 gre d
035 |l 10062368 
040 |a GR-MY-UA  |b gre  |e aacr 
041 0 |a gre 
082 0 |a 363.74  |2 (22) 
100 1 |a Σκαμνός, Γιώργος. 
245 1 0 |a Ηχορύπανση :  |b πτυχιακή εργασία /  |c Γιώργος Σκαμνός ; υπό την επίβλεψη: Δ. Μελά 
260 |a Μυτιλήνη :   |b Πανεπιστήμιο Αιγαίου, Τμήμα Περιβάλλοντος,   |c 1999 
300 |a 85 σ.;  |b πιν., σχ.;  |c 30 εκ. 
500 |a Επιτροπή: Δημήτρης Μελάς, Δίας Χαραλαμπόπουλος, Δανιήλ Μαμάης 
502 |a Πτυχιακή εργασία – Πανεπιστήμιο Αιγαίου, Λέσβος, 1999. 
504 |a Περιέχει βιβλιογραφία 
650 0 0 |a Noise pollution. 
650 0 0 |a Noise control. 
650 0 0 |a Dissertations, Academic  |z Greece. 
700 1 |4 ths  |a Μελάς, Δημήτριος Αν. 
710 2 |a Πανεπιστήμιο Αιγαίου.   |b Σχολή Περιβάλλοντος.   |b Τμήμα Περιβάλλοντος. 
852 |a INST  |b LESVOS  |c DIATR  |e 20000622  |h 525  |p 005100025794  |q 005100025794  |t DIE  |y 23 
852 |a INST  |b LESVOS  |c DIATR  |e 20000622  |h 526  |p 005100025798  |q 005100025798  |t DIE  |y 23 
856 |u http://hdl.handle.net/11610/10130 
901 |a BIBL1-2000-2 
909 |a Λ  |b 080551 
909 |a Λ  |b 080552 
924 |a ΣΚΑΜΝΟΣ  |b ΓΙΩΡΓΟΣ  |y ΛΕΣΒΟΣ  |z 1999 
970 |a ΑΙΒΑΤΖΙΔΟΥ  |b ΕΛΕΝΗ  |z 2000/06/22